Cliquez sur les pays du monde sur une carte nº2 - Statistiques

Statistiques générales
  • Ce quiz a été pris 90 fois
  • Le résultat moyen est 18 sur 20
Réponses sur la Carte
Les réponses sont colorées sur une échelle allant du rouge au vert en fonction du pourcentage des utilisateurs qui les ont devinées à leur premier essai. Vous pouvez retrouver ces pourcentages ci-dessous.
 
Statistiques - réponses
Réponse % Correct
Russie
99%
Chine
96%
Espagne
96%
Australie
95%
Royaume-Uni
95%
Allemagne
94%
Argentine
94%
États-Unis
94%
Indonésie
94%
Islande
92%
Iran
89%
Mongolie
89%
Pays-Bas
89%
Colombie
87%
Panama
87%
Libye
86%
Mali
85%
Tchad
80%
Birmanie
77%
Tanzanie
77%
Aucun quiz correspondant
Distribution des résultats
% des personnes avec chaque résultat
Percentile par nombre de réponses
Votre historique - résultats
Vous n’avez pas pris ce quiz